Organizational Behavior / (Record no. 10973)

MARC details
000 -LEADER
fixed length control field 01101nam a22003015a 4500
008 - FIXED-LENGTH DATA ELEMENTS--GENERAL INFORMATION
fixed length control field 090301s2008 maua frb||| 001 0 eng d
020 ## - INTERNATIONAL STANDARD BOOK NUMBER
International Standard Book Number 0071101047
020 ## - INTERNATIONAL STANDARD BOOK NUMBER
International Standard Book Number 9780071101042
040 ## - CATALOGING SOURCE
Original cataloging agency EG-ScBUE
Language of cataloging eng
Transcribing agency EG-ScBUE
082 04 - DEWEY DECIMAL CLASSIFICATION NUMBER
Classification number 658.3
Item number MCS
Edition number 22
100 1# - MAIN ENTRY--PERSONAL NAME
Personal name McShane, Steven Lattim
9 (RLIN) 26108
245 10 - TITLE STATEMENT
Title Organizational Behavior /
Statement of responsibility, etc Steven L. McShane, Mary Ann Von Glinow.
250 ## - EDITION STATEMENT
Edition statement 4th ed.
260 ## - PUBLICATION, DISTRIBUTION, ETC. (IMPRINT)
Place of publication, distribution, etc Boston :
Name of publisher, distributor, etc McGraw-Hill Irwin,2008
Date of publication, distribution, etc c. 2008.
300 ## - PHYSICAL DESCRIPTION
Extent xxxiii, 653 p. :
Other physical details ill. ;
Dimensions 27 cm.
500 ## - GENERAL NOTE
General note Indexes : p. 617-652.
500 ## - GENERAL NOTE
General note Glossary : p. 556-560.
500 ## - GENERAL NOTE
General note Appendix : p. 538-554.
504 ## - BIBLIOGRAPHY, ETC. NOTE
Bibliography, etc Include bibliographical references: p. 562-616.
590 ## - LOCAL NOTE (RLIN)
Local note menna elemam
650 #0 - SUBJECT ADDED ENTRY--TOPICAL TERM
Topical term or geographic name as entry element Organizational behavior.
9 (RLIN) 26109
Source of heading or term BUEsh
651 ## - SUBJECT ADDED ENTRY--GEOGRAPHIC NAME
Source of heading or term BUEsh
653 ## - INDEX TERM--UNCONTROLLED
Arrived date list August2015
700 1# - ADDED ENTRY--PERSONAL NAME
Personal name Von Glinow, Mary Ann Young,
Dates associated with a name 1949-
9 (RLIN) 26110
856 42 - ELECTRONIC LOCATION AND ACCESS
Materials specified Publisher description
Uniform Resource Identifier <a href="http://www.loc.gov/catdir/description/mh051/2003070638.html">http://www.loc.gov/catdir/description/mh051/2003070638.html</a>
856 42 - ELECTRONIC LOCATION AND ACCESS
Materials specified Table of contents
Uniform Resource Identifier <a href="http://www.loc.gov/catdir/toc/mh041/2003070638.html">http://www.loc.gov/catdir/toc/mh041/2003070638.html</a>
942 ## - ADDED ENTRY ELEMENTS (KOHA)
Item type Book - Borrowing
Call number prefix 658 MCS
Source of classification or shelving scheme Dewey Decimal Classification
Holdings
Withdrawn status Item status Source of classification or shelving scheme Damaged status Not for loan Vendor Home library Current library Shelving location Date acquired Source of acquisition Total Checkouts Total Renewals Full call number Barcode Date last seen Date last borrowed Koha item type
    Dewey Decimal Classification     Baccah Central Library Central Library First floor 01/03/2009 Purchase 5 2 658.3 MCS 000015354 15/07/2025 16/03/2017 Book - Borrowing
    Dewey Decimal Classification     Baccah Central Library Central Library First floor 01/03/2009 Purchase 8 6 658.3 MCS 000015353 15/07/2025 03/10/2018 Book - Borrowing
    Dewey Decimal Classification     Baccah Central Library Central Library First floor 01/03/2009 Purchase     658.3 MCS 000015352 15/07/2025   NB - Book (Non borrowing)